00309nam a2200133Ia 4500008004100000020001300041041001200054082001600066100001400082245002100096260003600117300000800153650001400161221030s9999 xx 000 0 und d a78840650 aEnglish a105.23bPan aA. Pandey 0aProgramming in C bCyber Tech PubaNew Delhic2003 a335 aComputers